All Is Found - Frozen II (All Lyrics) - Statistics

General Stats
  • This quiz has been taken 41 times
  • The average score is 93 of 110
Answer Stats
Answer % Correct
a
100%
all
100%
the
100%
when
100%
Where
100%
and
96%
found
96%
is
96%
my
96%
of
96%
there's
96%
darling
91%
for
91%
North
91%
river
91%
to
91%
be
87%
hear
87%
her
87%
in
87%
In
87%
meets
87%
safe
87%
sea
87%
sleep
87%
sound
87%
what
87%
wind
87%
you
87%
but
83%
can
83%
full
83%
lost
83%
memory
83%
you'll
83%
come
78%
far
78%
not
78%
or
78%
then
78%
too
78%
will
78%
down
74%
drowned
74%
knows?
74%
she
74%
this
74%
answers
70%
bound
70%
deep
70%
dive
70%
face
70%
fear?
70%
homeward
70%
into
70%
lie
70%
most
70%
path
70%
those
70%
true
70%
waters
70%
Yes
70%
flows
65%
magic
65%
sing
65%
song
65%
mother
61%
brave
57%
who'll
48%
No matching quizzes found
Score Distribution
Percent of People with Each Score
Percentile by Number Answered
Your Score History
You have not taken this quiz